000 00481nam a2200181Ia 4500
001 4644
005 20260306145811.0
008 260306t2001||||xx |||||||||||||| ||spa||
041 _aESP
082 _a328.3
_bI59
100 _aInstituto Interamericano de Derechos Humanos
_eAUT
245 0 _aÉtica parlamentaria en centroamérica y República Dominicana
260 _c2001
300 _a299 páginas :
_c21 cm.
650 _aGEN
654 _aCDE
942 _cLIB
_dJUS
_fJUS
_2ddc
_n
999 _c4644
_d4644